| 000 | 00930nam a22002417a 4500 | ||
|---|---|---|---|
| 008 | 090304t xxu||||| |||| 00| 0 eng d | ||
| 010 | _aB-317533 ENG-94978 | ||
| 020 |
_c185.00 _a8190720366 |
||
| 035 | _aB-317533 | ||
| 035 | _aEN-78511 | ||
| 037 | _bDBAD / PUB | ||
| 040 |
_aDPL _bEnglish |
||
| 082 | _a512 | ||
| 100 | _aNaveen, J. | ||
| 245 |
_aAlgebra / _cby J. Naveen |
||
| 260 |
_aChennai _bBala Books _c2007 |
||
| 270 |
_aNo. 15, Ko. Su. Mani Street, Choolaimedu, _bChennai _e600015 |
||
| 300 |
_a366 p. _c21 cm. (Pbk) |
||
| 650 | _bMathematics | ||
| 942 |
_2ddc _cEN _h512 _mNAV |
||
| 999 |
_c24806 _d24806 |
||